| 000 | 00660cam a22002531 4500 | ||
|---|---|---|---|
| 001 | sa 66003581 | ||
| 003 | DLC | ||
| 005 | 20260227112237.0 | ||
| 008 | 890602s1965 ii b 000 0 hino | ||
| 010 | _asa 66003581 | ||
| 035 | _a(OCoLC)19806257 | ||
| 040 |
_aDLC _cWaU _dDLC |
||
| 042 | _apremarc | ||
| 043 | _aa-ii--- | ||
| 050 | 0 | 0 |
_aPK2708 _b.P7 |
| 100 | 1 |
_aPrabhākara, Manohara, _d1932- |
|
| 245 | 1 | 0 | _aRājasthānī sāhitya aura saṃskr̥ti. |
| 260 | _c[1965] | ||
| 300 |
_a137 p. _c22 cm. |
||
| 500 | _aIn Hindi. | ||
| 504 | _aBibliographical footnotes. | ||
| 650 | 0 | _aRajasthani literature. | |
| 651 | 0 |
_aRajasthan (India) _xCivilization. |
|
| 999 |
_c68972 _d68972 |
||